Catálogo público

Química biológica : las bases químicas de la vida / (Record no. 173977)

MARC details
000 -CABECERA
campo de control de longitud fija 01029nam a2200325Ia 4500
001 - NÚMERO DE CONTROL
campo de control dia_3519
003 - IDENTIFICADOR DEL NÚMERO DE CONTROL
campo de control CHAP
005 - FECHA Y HORA DE LA ÚLTIMA TRANSACCIÓN
campo de control 20251027151209.0
008 - DATOS DE LONGITUD FIJA--INFORMACIÓN GENERAL
campo de control de longitud fija 220117s1988 xx 000 0 und d
010 ## - NÚMERO DE CONTROL DE LA BIBLIOTECA DEL CONGRESO
Número de control de LC 173977
020 ## - NÚMERO INTERNACIONAL ESTÁNDAR DEL LIBRO
Número Internacional Estándar del Libro 84-7605-350-9
040 ## - FUENTE DE LA CATALOGACIÓN
Centro/agencia transcriptor CHAP
082 ## - NÚMERO DE LA CLASIFICACIÓN DECIMAL DEWEY
Número de clasificación 574.192 S36 1988
100 ## - ENTRADA PRINCIPAL--NOMBRE DE PERSONA
Nombre de persona Schmid, George H.
9 (RLIN) 103040
245 ## - MENCIÓN DE TÍTULO
Título Química biológica : las bases químicas de la vida /
Mención de responsabilidad, etc. George H. Schmid ; traducción Benito Alcaide Alañón...[et al.]
260 ## - PUBLICACIÓN, DISTRIBUCIÓN, ETC.
Lugar de publicación, distribución, etc. México :
Nombre del editor, distribuidor, etc. Interamericana :,
-- McGraw-Hill,
Fecha de publicación, distribución, etc. 1988
300 ## - DESCRIPCIÓN FÍSICA
Extensión xxii, 800 p.
500 ## - NOTA GENERAL
Nota general Título original: The chemical basis of life
503 ## - NOTA DE HISTORIA BIBLIOGRÁFICA (BK CF MU) [OBSOLETO]
Nota de historia bibliográfica C/e
590 ## - NOTA LOCAL (RLIN)
Nota local QD31.2 S36 1988
650 ## - PUNTO DE ACCESO ADICIONAL DE MATERIA--TÉRMINO DE MATERIA
Término de materia o nombre geográfico como elemento de entrada Biochemistry
9 (RLIN) 150448
650 ## - PUNTO DE ACCESO ADICIONAL DE MATERIA--TÉRMINO DE MATERIA
Término de materia o nombre geográfico como elemento de entrada Bioquímica
9 (RLIN) 12849
650 ## - PUNTO DE ACCESO ADICIONAL DE MATERIA--TÉRMINO DE MATERIA
Término de materia o nombre geográfico como elemento de entrada Chemistry
9 (RLIN) 149016
650 ## - PUNTO DE ACCESO ADICIONAL DE MATERIA--TÉRMINO DE MATERIA
Término de materia o nombre geográfico como elemento de entrada Química
9 (RLIN) 93552
700 ## - PUNTO DE ACCESO ADICIONAL--NOMBRE DE PERSONA
Nombre de persona Alcaide Alañón, Benito, tr.
9 (RLIN) 154811
901 ## - ELEMENTOS DE DATOS A LOCAL LDA (RLIN)
a 574.192 S36 1988
902 ## - ELEMENTOS DE DATOS B LOCAL, LDB (RLIN)
a M
905 ## - ELEMENTOS DE DATOS E LOCAL, LDE (RLIN)
a 5232271988 mx aimn8222223322spa16
942 ## - ELEMENTOS DE PUNTO DE ACCESO ADICIONAL (KOHA)
Tipo de ítem Koha Libro
Fuente del sistema de clasificación o colocación Dewey Decimal Classification
Holdings
Estado de retiro Estado de pérdida Fuente del sistema de clasificación o colocación Estado dañado No para préstamo Código de colección Localización permanente Ubicación/localización actual Ubicación en estantería Fecha de adquisición Información codificada de la localización en otra ubicación Total de préstamos Código de barras Fecha visto por última vez Fecha del último préstamo Número de copia Precio válido a partir de Tipo de ítem Koha En préstamo Renovaciones totales
    Dewey Decimal Classification     General Ingenieria Agroindustrial Ingenieria Agroindustrial   18/01/2022 1 2 dia_003731 24/10/2024 24/10/2024 4 18/01/2022 Libro    
    Dewey Decimal Classification     General Ingenieria Agroindustrial Ingenieria Agroindustrial   18/01/2022 1 1 dia_003728 10/10/2024 10/10/2024 1 18/01/2022 Libro    
    Dewey Decimal Classification     General Ingenieria Agroindustrial Ingenieria Agroindustrial   18/01/2022 1 1 dia_003729 20/10/2023 20/10/2023 2 18/01/2022 Libro 20/10/2023  
    Dewey Decimal Classification     General Ingenieria Agroindustrial Ingenieria Agroindustrial   18/01/2022 1 1 dia_003730 19/05/2023 03/05/2023 3 18/01/2022 Libro   1